[Event "CAN-ch U14 Girls"]
[Site "Windsor"]
[Date "2015.07.09"]
[Round "7.50"]
[White "Fenning, Rachel"]
[Black "Jiang, Jennifer"]
[Result "0-1"]
[WhiteElo "1274"]
[BlackElo "735"]
[PlyCount "106"]
[EventDate "2015.07.06"]
[EventType "swiss"]
[EventRounds "7"]
[EventCountry "CAN"]
[SourceTitle "EXT 2022"]
[Source "ChessBase"]
[SourceDate "2021.10.06"]
[SourceVersion "1"]
[SourceVersionDate "2021.10.06"]
[SourceQuality "1"]

1. e4 e5 2. f3 Nf6 3. g3 Nc6 4. c4 Bc5 5. Nh3 d6 6. d3 Bd4 7. a4 0-0 8. Nc3 Ne7 9. Ne2 c6 10. g4 d5 11. exd5 cxd5 12. Ra3 Qd6 13. Rb3 b6 14. Ng3 dxc4 15. dxc4 Bb7 16. Rd3 Qb4+ 17. Bd2 Qxa4 18. Qxa4 Bc6 19. Qd1 Bxb2 20. Rb3 Bd4 21. Nh5 Ba4 22. Nf2 Nxh5 23. gxh5 Rac8 24. h3 Nf5 25. Bd3 Nd6 26. Bf1 Nxc4 27. Rg1 Rfd8 28. Rg4 Nxd2 29. Qxd2 Bxb3 30. Ne4 f5 31. h6 fxg4 32. fxg4 Rc2 33. Qd1 Bf2+ 34. Nxf2 Rxd1+ 35. Kxd1 Rxf2+ 36. Kc1 Rxf1+ 37. Kb2 Be6 38. hxg7 Kxg7 39. g5 e4 40. Kc2 Rf3 41. Kd2 Ra3 42. Ke2 e3 43. h4 Bg4+ 44. Kf1 Ra2 45. Kg1 e2 46. Kg2 e1R+ 47. Kg3 Bh5 48. Kf4 Ra5 49. g6 Bxg6 50. Kg4 Re4+ 51. Kh3 Ra3+ 52. Kh2 Re2+ 53. Kh1 Ra1# 0-1